[Event "ch-RUS Rapid 2016"]
[Site "Sochi RUS"]
[Date "2016.10.02"]
[Round "2.7"]
[White "Ivanov, Alexander Al."]
[Black "Alekseev, Evgeny"]
[Result "0-1"]
[WhiteTitle "GM"]
[BlackTitle "GM"]
[WhiteElo "2400"]
[BlackElo "2636"]
[WhiteFideId "4126360"]
[BlackFideId "4138147"]
[EventDate "2016.10.02"]

1. e4 c5 2. Nf3 e6 3. d3 Nc6 4. g3 Nf6 5. Bg2 Be7 6. O-O O-O 7. Re1 d6 8. h3 e5
9. Nc3 h6 10. Nh4 Nd4 11. Ne2 Re8 12. c3 Nc6 13. c4 Rb8 14. Nc3 Nd4 15. Nf3 Be6
16. Nxd4 cxd4 17. Nd5 b5 18. Nxf6+ Bxf6 19. b3 bxc4 20. bxc4 Qa5 21. Bd2 Qa3 22.
Bf1 Bg5 23. Bxg5 hxg5 24. Qc1 Qxc1 25. Rexc1 Rb2 26. c5 dxc5 27. Rxc5 f6 28. a4
Re7 29. a5 Kf7 30. Rac1 Ra2 31. Rb1 Ra3 32. Kg2 Rc3 33. Rbb5 Rc7 34. Rxc7+ Rxc7
35. Be2 Ke7 36. Bg4 Bf7 37. Rb8 Kd6 38. Kf3 Kc5 39. Ke2 Re7 40. Kd2 Be8 41. a6
Bc6 42. h4 gxh4 43. gxh4 Re8 44. Rb1 Rh8 45. h5 Bb5 46. Bd1 Bxa6 47. Rc1+ Kb6
48. Be2 Bb5 49. Rg1 Rh7 50. Kc2 Be8 51. Rh1 Rh6 52. Rb1+ Bb5 53. Rg1 Rh7 54. Kd2
a6 55. Rb1 Kb7 56. Rg1 Be8 57. Rb1+ Ka7 58. Rc1 Bxh5 59. Bxh5 Rxh5 60. Rc7+ Kb6
61. Rxg7 Rh4 62. Rf7 Rf4 63. Ke2 a5 64. Rf8 Kb5 65. Rb8+ Kc5 66. Rc8+ Kb4 67.
Rb8+ Ka3 68. Rb6 a4 69. f3 Ka2 70. Kf2 Rh4 71. Kg3 Rh1 72. Rxf6 a3 73. Rb6 Rb1
74. Ra6 Kb2 75. Rb6+ Kc2 76. Ra6 Rb3 77. f4 Kxd3 78. Kg4 Kxe4 79. f5 Rf3 0-1

[Event "ch-RUS Rapid 2016"]
[Site "Sochi RUS"]
[Date "2016.10.02"]
[Round "2.8"]
[White "Riazantsev, Alexander"]
[Black "Gochelashvili, David"]
[Result "1-0"]
[WhiteTitle "GM"]
[BlackTitle "IM"]
[WhiteElo "2651"]
[BlackElo "2425"]
[WhiteFideId "4125029"]
[BlackFideId "4161203"]
[EventDate "2016.10.02"]

1. d4 g6 2. c4 Bg7 3. e4 d6 4. Nc3 c5 5. d5 e6 6. Nf3 Ne7 7. Bf4 e5 8. Bd2 h6 9.
h4 Nd7 10. h5 Nf6 11. hxg6 fxg6 12. Be2 Bd7 13. Nh2 Qb6 14. Rb1 a6 15. Ng4 Neg8
16. Ne3 h5 17. b4 cxb4 18. a3 Nh6 19. axb4 Nhg4 20. c5 dxc5 21. Na4 Bxa4 22.
Qxa4+ Kf7 23. O-O Nxe4 24. bxc5 Nxc5 25. Qxg4 hxg4 26. Rxb6 Rhd8 27. Bb4 Bf8 28.
Bxg4 Rab8 29. Rc1 Nd7 30. Rc7 1-0

[Event "ch-RUS Rapid 2016"]
[Site "Sochi RUS"]
[Date "2016.10.02"]
[Round "2.9"]
[White "Moiseenko, Vadim"]
[Black "Khairullin, Ildar"]
[Result "0-1"]
[WhiteTitle "IM"]
[BlackTitle "GM"]
[WhiteElo "2528"]
[BlackElo "2630"]
[WhiteFideId "4123700"]
[BlackFideId "4151348"]
[EventDate "2016.10.02"]

1. e4 e5 2. Nf3 Nc6 3. d4 exd4 4. Nxd4 Qf6 5. c3 Bc5 6. Be3 Nge7 7. Bc4 Ne5 8.
Be2 d6 9. O-O Qg6 10. Kh1 Qxe4 11. Nd2 Qg6 12. f4 Ng4 13. f5 Nxe3 14. fxg6 Nxd1
15. gxf7+ Kf8 16. Bxd1 Bxd4 17. cxd4 Be6 18. Bb3 Bxb3 19. Nxb3 Nd5 20. Na5 b6
21. Nc6 g6 22. Rae1 h5 23. Re6 Rh7 24. Rxg6 Rxf7 25. Re1 Re8 26. Rg8+ Kxg8 27.
Rxe8+ Kg7 28. Kg1 a5 29. g3 Rf3 30. Kg2 Rd3 31. Re2 Kf6 32. a3 h4 33. Rf2+ Kg5
34. Nd8 hxg3 35. Ne6+ Kh4 36. Re2 Ne3+ 37. Kf3 g2 0-1

[Event "ch-RUS Rapid 2016"]
[Site "Sochi RUS"]
[Date "2016.10.02"]
[Round "2.10"]
[White "Vitiugov, Nikita"]
[Black "Tekeyev, Zaur"]
[Result "1-0"]
[WhiteTitle "GM"]
[BlackTitle "FM"]
[WhiteElo "2721"]
[BlackElo "2357"]
[WhiteFideId "4152956"]
[BlackFideId "4199731"]
[EventDate "2016.10.02"]

1. e4 c5 2. Nf3 Nc6 3. Bb5 g6 4. O-O Bg7 5. Nc3 Nf6 6. e5 Ng4 7. Bxc6 dxc6 8.
Re1 O-O 9. d3 f6 10. exf6 exf6 11. h3 Nh6 12. Be3 b6 13. d4 cxd4 14. Nxd4 c5 15.
Nc6 Qxd1 16. Raxd1 Nf5 17. Bf4 Ba6 18. g4 Nd4 19. Nxd4 cxd4 20. Rxd4 f5 21. Rd7
fxg4 22. Be5 Bxe5 23. Rxe5 g3 24. fxg3 Rf1+ 25. Kg2 Raf8 26. Ne4 Rc1 27. g4
Rxc2+ 28. Kg3 Bf1 29. Ree7 Rg2+ 30. Kh4 g5+ 31. Kxg5 1-0

[Event "ch-RUS Rapid 2016"]
[Site "Sochi RUS"]
[Date "2016.10.02"]
[Round "2.11"]
[White "Usmanov, Vasily"]
[Black "Savchenko, Boris"]
[Result "0-1"]
[WhiteTitle "IM"]
[BlackTitle "GM"]
[WhiteElo "2431"]
[BlackElo "2613"]
[WhiteFideId "4135741"]
[BlackFideId "4147332"]
[EventDate "2016.10.02"]

1. d4 Nf6 2. Nf3 g6 3. c4 Bg7 4. Nc3 d5 5. cxd5 Nxd5 6. Bg5 Nxc3 7. bxc3 c5 8.
e3 Nc6 9. Bc4 O-O 10. O-O Qc7 11. Qe2 e5 12. d5 Na5 13. e4 Bg4 14. Rfd1 Bxf3 15.
gxf3 Qd6 16. Bd3 f5 17. Bd2 fxe4 18. Bxe4 b6 19. c4 Nb7 20. a4 Qd7 21. d6 Rad8
22. Bg5 Bf6 23. Bh6 Rfe8 24. Ra2 Nxd6 25. Rad2 Qc7 26. Rd5 Nf7 27. Rxd8 Rxd8 28.
Rxd8+ Qxd8 29. Bd5 Bg5 30. Qd3 Kh8 31. Bxg5 Qxg5+ 32. Kf1 Nd6 33. Be6 Nf5 34.
Qd7 Nd4 35. Qe8+ Kg7 0-1

[Event "ch-RUS Rapid 2016"]
[Site "Sochi RUS"]
[Date "2016.10.02"]
[Round "2.12"]
[White "Motylev, Alexander"]
[Black "Belyakov, Bogdan"]
[Result "1/2-1/2"]
[WhiteTitle "GM"]
[BlackTitle "IM"]
[WhiteElo "2663"]
[BlackElo "2487"]
[WhiteFideId "4121830"]
[BlackFideId "24104795"]
[EventDate "2016.10.02"]

1. e4 e5 2. Nf3 Nc6 3. Bc4 Bc5 4. O-O Nf6 5. d3 O-O 6. a4 a6 7. h3 h6 8. c3 d5
9. exd5 Nxd5 10. Re1 Nb6 11. Bb3 a5 12. Bc2 Bd6 13. Na3 Be6 14. Nb5 Re8 15. d4
exd4 16. Qd3 g6 17. Bxh6 Bf5 18. Rxe8+ Qxe8 19. Qd1 Bxc2 20. Qxc2 dxc3 21. Re1
Qd7 22. Nxd6 Qxd6 23. Qxc3 f6 24. Be3 Nd5 25. Qc4 Kg7 26. Bc5 Qd7 27. Rd1 Rd8
28. b3 Qf7 29. Qc1 Nf4 30. Qc2 Rxd1+ 31. Qxd1 Qd5 32. Qc2 Ne5 33. Ne1 Ned3 34.
Be3 Nxe1 35. Qxc7+ Kg8 36. Qc8+ Kf7 37. Qc7+ Ke8 38. Qc8+ Kf7 39. Qc7+ Ke6 40.
Qc8+ Kf7 1/2-1/2

[Event "ch-RUS Rapid 2016"]
[Site "Sochi RUS"]
[Date "2016.10.02"]
[Round "2.13"]
[White "Apryshko, Gleb"]
[Black "Khismatullin, Denis"]
[Result "0-1"]
[WhiteTitle "FM"]
[BlackTitle "GM"]
[WhiteElo "2392"]
[BlackElo "2617"]
[WhiteFideId "24131792"]
[BlackFideId "4142578"]
[EventDate "2016.10.02"]

1. e4 c5 2. Nf3 d6 3. Bb5+ Nd7 4. c3 Nf6 5. Qe2 a6 6. Ba4 b5 7. Bc2 Bb7 8. d3 g6
9. O-O Bg7 10. Re1 O-O 11. h3 e5 12. Nbd2 Re8 13. b4 Rc8 14. Nb3 d5 15. Ba3 Bf8
16. Rac1 Ba8 17. Nfd2 d4 18. cxd4 cxb4 19. Bb2 exd4 20. Nxd4 Nd5 21. Bb3 Nc3 22.
Bxc3 bxc3 23. N2f3 Bg7 24. Qe3 b4 25. Ng5 Re7 26. Ndf3 Nc5 27. Bc4 h6 28. Nxf7
Rxf7 29. d4 Nxe4 30. Bxf7+ Kxf7 31. Qf4+ Nf6 32. Ne5+ Kg8 33. Nxg6 Rc7 34. Qf5
Qd5 35. Qe6+ Qxe6 36. Rxe6 a5 37. Ra6 Be4 38. Nf4 Nd5 39. Ne6 Re7 40. f3 Bf5 41.
Nxg7 Kxg7 42. Rxa5 Nf4 43. Kf1 Bd3+ 44. Kf2 Bg6 45. Kf1 Nd3 46. Ra1 c2 47. Ra4
Be8 0-1

[Event "ch-RUS Rapid 2016"]
[Site "Sochi RUS"]
[Date "2016.10.02"]
[Round "2.14"]
[White "Matlakov, Maxim"]
[Black "Potapov, Alexander1"]
[Result "1-0"]
[WhiteTitle "GM"]
[BlackTitle "GM"]
[WhiteElo "2691"]
[BlackElo "2402"]
[WhiteFideId "4168003"]
[BlackFideId "4115074"]
[EventDate "2016.10.02"]

1. d4 f5 2. g3 Nf6 3. Bg2 g6 4. Nf3 Bg7 5. O-O O-O 6. b3 Nc6 7. Bb2 Ne4 8. Nbd2
d5 9. c4 e6 10. a3 a5 11. e3 b6 12. Qc2 Ne7 13. Rfc1 c6 14. b4 h6 15. cxd5 exd5
16. bxa5 Rxa5 17. a4 g5 18. Ne5 Nxd2 19. Qxd2 Bxe5 20. dxe5 Be6 21. Bc3 Ra7 22.
a5 bxa5 23. Rxa5 Rxa5 24. Bxa5 Qd7 25. Bb4 Rc8 26. Bf1 Ng6 27. Qc3 Qb7 28. Bc5
Ra8 29. Bd4 Bd7 30. Qc5 Re8 31. Ra1 Nf8 32. Ra7 Qb1 33. Qd6 Re6 34. Qc7 Qc1 35.
Ra1 Qc2 36. Ra8 Be8 37. Rd8 Qd1 38. Bc5 f4 39. exf4 gxf4 40. Qc8 fxg3 41. hxg3 1-0

[Event "ch-RUS Rapid 2016"]
[Site "Sochi RUS"]
[Date "2016.10.02"]
[Round "2.15"]
[White "Afanasiev, Nikita"]
[Black "Ponkratov, Pavel"]
[Result "0-1"]
[WhiteTitle "FM"]
[BlackTitle "GM"]
[WhiteElo "2280"]
[BlackElo "2589"]
[WhiteFideId "24183555"]
[BlackFideId "4157800"]
[EventDate "2016.10.02"]

1. d4 Nf6 2. Bg5 c5 3. d5 Qb6 4. Bxf6 Qxf6 5. c3 Qb6 6. Qb3 d6 7. e4 Nd7 8. Nf3
g6 9. Nbd2 Bg7 10. Be2 O-O 11. O-O Qc7 12. a4 Nf6 13. Rfe1 Rb8 14. a5 Re8 15.
Bb5 Rd8 16. Bc4 Bh6 17. Bf1 e6 18. dxe6 Bxe6 19. Bc4 Re8 20. Qc2 Re7 21. Re2 Bd7
22. Rae1 Rbe8 23. Qb3 Bc6 24. Bb5 Nxe4 25. Bxc6 Qxc6 26. Qc2 d5 27. c4 f5 28.
cxd5 Qxd5 29. Nc4 Rd8 30. h3 Red7 31. Nfe5 Rc7 32. Nf3 Bg7 33. Qa4 Rcd7 34. Nfd2
Nxd2 35. Rxd2 Bd4 36. Rde2 f4 37. Ne5 Re7 38. Nf3 Rxe2 39. Rxe2 Kf7 40. h4 h6
41. Qb5 g5 42. Nh2 Bg7 43. hxg5 hxg5 44. Nf1 Rd7 45. Rd2 Bd4 46. Qe2 Re7 47.
Qh5+ Kg7 48. Qd1 Qe5 49. b4 b6 50. axb6 axb6 51. bxc5 bxc5 52. Qg4 Kg6 53. Qc8
Qe6 54. Qa8 g4 55. Ra2 g3 56. Ra6 Bxf2+ 57. Kh1 Rh7+ 0-1

[Event "ch-RUS Rapid 2016"]
[Site "Sochi RUS"]
[Date "2016.10.02"]
[Round "2.16"]
[White "Grachev, Boris"]
[Black "Sadovsky, Artem"]
[Result "1-0"]
[WhiteTitle "GM"]
[WhiteElo "2628"]
[BlackElo "2414"]
[WhiteFideId "4129199"]
[BlackFideId "4155840"]
[EventDate "2016.10.02"]

1. d4 g6 2. e4 Bg7 3. Nf3 d6 4. Bd3 c5 5. dxc5 Qa5+ 6. c3 Qxc5 7. O-O Nf6 8. h3
O-O 9. c4 Be6 10. Be3 Qb4 11. a3 Qa5 12. Nc3 Rc8 13. Qe2 Nc6 14. b4 Qh5 15. Rac1
Ne5 16. Nxe5 Qxe5 17. f4 Qh5 18. Rf3 Bd7 19. f5 gxf5 20. exf5 Bc6 21. Rf2 Qxe2
22. Rxe2 a6 23. Rec2 Kf8 24. g4 Nd7 25. Be2 Ne5 26. Kf2 Rab8 27. b5 axb5 28.
cxb5 Bd7 29. Nd5 Ke8 30. a4 e6 31. f6 Bf8 32. Nc7+ Rxc7 33. Rxc7 d5 34. Ba7 Ra8
35. Rxb7 Bd6 36. Bc5 Bb8 37. Rxb8+ 1-0

[Event "ch-RUS Rapid 2016"]
[Site "Sochi RUS"]
[Date "2016.10.02"]
[Round "2.17"]
[White "Savitskiy, Sergey"]
[Black "Pridorozhni, Aleksei"]
[Result "0-1"]
[WhiteTitle "FM"]
[BlackTitle "GM"]
[WhiteElo "2415"]
[BlackElo "2579"]
[WhiteFideId "24105660"]
[BlackFideId "4127870"]
[EventDate "2016.10.02"]

1. e4 e5 2. Nf3 Nc6 3. Bb5 Nf6 4. d3 Bc5 5. O-O d6 6. c3 O-O 7. Nbd2 Ne7 8. d4
exd4 9. cxd4 Bb6 10. Bd3 Bg4 11. h3 Bh5 12. Qb3 Nc6 13. Qa4 Re8 14. Re1 Bg6 15.
Bb1 Qd7 16. d5 Ne5 17. Qxd7 Nexd7 18. a4 a5 19. Nh4 Nxd5 20. Nxg6 hxg6 21. Nc4
Bc5 22. Bd2 Nb4 23. Ra3 Nc6 24. Rg3 Bb4 25. Rd1 Nc5 0-1

[Event "ch-RUS Rapid 2016"]
[Site "Sochi RUS"]
[Date "2016.10.02"]
[Round "2.18"]
[White "Chigaev, Maksim"]
[Black "Nazaretyan, Tigran"]
[Result "1-0"]
[WhiteTitle "IM"]
[WhiteElo "2551"]
[BlackElo "2308"]
[WhiteFideId "4108116"]
[BlackFideId "24162345"]
[EventDate "2016.10.02"]

1. e4 c5 2. Nf3 Nc6 3. Bb5 g6 4. Bxc6 dxc6 5. d3 Bg7 6. h3 Nf6 7. Nc3 b6 8. Bf4
O-O 9. Qd2 Ne8 10. Bh6 f6 11. e5 fxe5 12. Bxg7 Kxg7 13. Nxe5 Qd6 14. Nc4 Qe6+
15. Ne3 Nd6 16. O-O Qf6 17. Rfe1 Be6 18. Re2 Rad8 19. Rae1 Rd7 20. Nf1 Bg8 21.
Ng3 c4 22. d4 Nc8 23. Re5 Rfd8 24. Qe3 Rxd4 25. Rg5 Kh8 26. Nce4 Qf8 27. Qc3 e5
28. Rxe5 Qg7 29. Ng5 Rd1 30. Kh2 h6 31. Nf3 Rxe1 32. Qxe1 Bd5 33. Re8+ Rxe8 34.
Qxe8+ Qg8 35. Qe5+ Qg7 36. Qb8 Be6 37. c3 Kh7 38. Qf4 Qf7 39. Qe3 Bd5 40. Ne5
Qe6 41. Ne2 Nd6 42. Nf4 Qf6 43. Nexg6 Qg7 44. Ne7 Be4 45. Nc8 Nxc8 46. Qxe4+ Kh8
47. Qxc6 Ne7 48. Qa8+ Ng8 49. Qe4 Qc7 50. g3 Qc5 51. Kg1 b5 52. Qb7 Nf6 53. Qf7 1-0

[Event "ch-RUS Rapid 2016"]
[Site "Sochi RUS"]
[Date "2016.10.02"]
[Round "2.19"]
[White "Sergeyev, Alexander"]
[Black "Sakaev, Konstantin"]
[Result "0-1"]
[WhiteTitle "FM"]
[BlackTitle "GM"]
[WhiteElo "2400"]
[BlackElo "2594"]
[WhiteFideId "13702076"]
[BlackFideId "4104226"]
[EventDate "2016.10.02"]

1. e4 c5 2. Nc3 d6 3. g3 g6 4. Bg2 Bg7 5. Nf3 Nc6 6. O-O e6 7. d3 Nge7 8. Nh4
O-O 9. f4 Nd4 10. Ne2 Nec6 11. Nxd4 cxd4 12. f5 Ne5 13. Kh1 Bd7 14. c3 dxc3 15.
bxc3 Bb5 16. c4 Bc6 17. fxg6 hxg6 18. Rb1 Qa5 19. Bg5 Nxc4 20. Nf3 Na3 21. Rb3
Nb5 22. Bd2 Qxa2 23. Ng5 Nd4 24. Rb4 a5 25. Qg4 Qxd2 26. Rxd4 Bxd4 27. Qh4 Qxg5
28. Qxg5 a4 29. h4 a3 30. h5 Kg7 31. Bh3 a2 32. hxg6 f6 33. Qh5 Rh8 34. Qg4 a1=Q
35. Rxa1 Rxa1+ 0-1

[Event "ch-RUS Rapid 2016"]
[Site "Sochi RUS"]
[Date "2016.10.02"]
[Round "2.20"]
[White "Belov, Igor1"]
[Black "Romanov, Evgeny"]
[Result "1/2-1/2"]
[WhiteTitle "IM"]
[BlackTitle "GM"]
[WhiteElo "2390"]
[BlackElo "2619"]
[WhiteFideId "4101782"]
[BlackFideId "4148843"]
[EventDate "2016.10.02"]

1. Nf3 Nf6 2. c4 b6 3. e3 Bb7 4. d4 g6 5. Nc3 Bg7 6. Bd3 d5 7. cxd5 Nxd5 8. O-O
O-O 9. e4 Nxc3 10. bxc3 c5 11. Be3 cxd4 12. cxd4 Nc6 13. d5 Nb4 14. Bd4 Bxd4 15.
Nxd4 e6 16. Rb1 Nxd3 17. Qxd3 exd5 18. e5 Rc8 19. f4 Qc7 20. Rb3 Qc5 21. h3 Ba6
22. Qxa6 Qxd4+ 23. Kh2 Rc7 24. Qe2 Re8 25. Rd3 Qe4 26. Qd2 Rc4 27. Rf2 d4 28.
Re2 Qd5 29. Qe1 Qc5 30. Qf2 a5 31. Red2 Rd8 32. Qh4 Rd7 33. Qf6 Re7 34. h4 h5
35. Rg3 Re6 36. Rxg6+ fxg6 37. Qxe6+ Kg7 38. Qf6+ Kh7 39. f5 gxf5 40. Qxf5+ Kg7
41. Qg5+ Kf7 42. Rf2+ Ke6 43. Rf6+ Kd5 44. Qf5 Rc3 45. Rd6+ Kc4 46. Qe6+ Kd3 47.
Rxb6 Kc2 48. Qf5+ d3 49. Rd6 1/2-1/2

[Event "ch-RUS Rapid 2016"]
[Site "Sochi RUS"]
[Date "2016.10.02"]
[Round "3.1"]
[White "Andreikin, Dmitry"]
[Black "Sakaev, Konstantin"]
[Result "1-0"]
[WhiteTitle "GM"]
[BlackTitle "GM"]
[WhiteElo "2736"]
[BlackElo "2594"]
[WhiteFideId "4158814"]
[BlackFideId "4104226"]
[EventDate "2016.10.02"]

1. e4 c5 2. Nf3 d6 3. d4 cxd4 4. Qxd4 Nc6 5. Bb5 a6 6. Bxc6+ bxc6 7. O-O e5 8.
Qa4 Qc7 9. c4 Nf6 10. c5 Bg4 11. Nbd2 Nd7 12. cxd6 Bxd6 13. h3 Bh5 14. Qc2 O-O
15. Nh4 Nc5 16. Nc4 Ne6 17. Be3 Bc5 18. Bxc5 Nxc5 19. Nf5 Rfd8 20. Nce3 Nd3 21.
Nd5 Qb7 22. Nfe7+ Kh8 23. Nxc6 Rdc8 24. Qxd3 Rxc6 25. b3 Rac8 26. Qe3 h6 27.
Rfc1 Kh7 28. Rxc6 Qxc6 29. Ne7 Qc3 30. Qxc3 Rxc3 31. Nd5 Rd3 32. Rc1 Rd2 33. a3
Bd1 34. b4 Bc2 35. f3 Re2 36. Nc3 Rd2 37. a4 f5 38. exf5 Bxf5 39. Re1 Rd3 40.
Rxe5 Bxh3 41. Ne4 Bc8 42. Nc5 Rd8 43. a5 Kg6 44. Nxa6 Kf6 45. Rc5 1-0

[Event "ch-RUS Rapid 2016"]
[Site "Sochi RUS"]
[Date "2016.10.02"]
[Round "3.2"]
[White "Artemiev, Vladislav"]
[Black "Predke, Alexandr"]
[Result "1-0"]
[WhiteTitle "GM"]
[BlackTitle "GM"]
[WhiteElo "2663"]
[BlackElo "2587"]
[WhiteFideId "24101605"]
[BlackFideId "24107581"]
[EventDate "2016.10.02"]

1. e4 e5 2. Nf3 Nc6 3. Bb5 a6 4. Ba4 Nf6 5. O-O Be7 6. Re1 b5 7. Bb3 d6 8. c3
O-O 9. h3 Nb8 10. d3 Nbd7 11. Nbd2 Bb7 12. Nf1 Nc5 13. Bc2 Re8 14. a4 Bf8 15.
Bg5 h6 16. Bh4 Be7 17. Ne3 g6 18. b4 Ne6 19. Bb3 Nh7 20. Bg3 Bf6 21. Re2 Bg7 22.
Rea2 Rb8 23. axb5 axb5 24. Ra7 Nhg5 25. Nh2 h5 26. Kh1 Nxh3 27. gxh3 h4 28. Nhg4
hxg3 29. fxg3 c6 30. Qf3 Qe7 31. h4 Ra8 32. Qf2 Rxa7 33. Rxa7 Ra8 34. Qa2 Rxa7
35. Qxa7 Nd8 36. Qb8 Kh7 37. Kh2 Qd7 38. Nf2 d5 39. Neg4 Qe7 40. Qa7 f5 41. exf5
gxf5 42. Ne3 Qf6 43. Kg2 e4 44. d4 f4 45. Neg4 Qf5 46. Qb8 e3 47. Qxd8 exf2 48.
Nxf2 fxg3 49. Kxg3 Qb1 50. Bd1 Qc1 51. Qd7 Qxc3+ 52. Kg2 Ba6 53. Bg4 Qxd4 54.
Bf5+ Kg8 55. Qe8+ Bf8 56. Be6+ 1-0

[Event "ch-RUS Rapid 2016"]
[Site "Sochi RUS"]
[Date "2016.10.02"]
[Round "3.3"]
[White "Bocharov, Dmitry"]
[Black "Dubov, Daniil"]
[Result "1-0"]
[WhiteTitle "GM"]
[BlackTitle "GM"]
[WhiteElo "2611"]
[BlackElo "2648"]
[WhiteFideId "4138716"]
[BlackFideId "24126055"]
[EventDate "2016.10.02"]

1. d4 Nf6 2. c4 c5 3. d5 b5 4. cxb5 a6 5. bxa6 g6 6. Nc3 Bg7 7. e4 O-O 8. Nf3
Qa5 9. Nd2 Bxa6 10. Be2 d6 11. O-O Nfd7 12. Ndb1 Rc8 13. Re1 Bxe2 14. Rxe2 Na6
15. Bg5 Nb4 16. Bxe7 Qa6 17. a4 Nd3 18. Bxd6 c4 19. Ba3 Nb6 20. d6 Rd8 21. Nb5
Qxa4 22. N1c3 Qb3 23. Rd2 Qxd1+ 24. Raxd1 Ra5 25. g3 Nd7 26. Rc2 g5 27. Kg2 g4
28. Nc7 N7e5 29. N3d5 h5 30. Ne3 Ra4 31. Ncd5 Kh7 32. Nb6 Rxa3 33. bxa3 Nf3 34.
Nbxc4 Nde1+ 35. Kh1 Nxc2 36. Nxc2 Bf6 37. N2e3 Kg6 38. Kg2 Bd4 39. h3 Kg5 40.
h4+ Kf6 41. a4 Ke6 42. Nf5 Ba7 43. a5 Kd7 44. Rb1 Kc6 45. Nb6 Nd2 46. Rc1+ Kb5
47. Nd4+ Ka6 48. Nc6 Rxd6 49. Nxa7 Nxe4 50. Nc6 Rd2 51. Rf1 f5 52. Nc4 Re2 53.
Nd4 Ra2 54. Nxf5 Nc5 55. Rb1 Nd3 56. Rf1 Re2 57. Ng7 Ne1+ 58. Rxe1 Rxe1 59. Nxh5 1-0

[Event "ch-RUS Rapid 2016"]
[Site "Sochi RUS"]
[Date "2016.10.02"]
[Round "3.4"]
[White "Alekseev, Evgeny"]
[Black "Bologan, Victor"]
[Result "1-0"]
[WhiteTitle "GM"]
[BlackTitle "GM"]
[WhiteElo "2636"]
[BlackElo "2640"]
[WhiteFideId "4138147"]
[BlackFideId "13900048"]
[EventDate "2016.10.02"]

1. e4 g6 2. d4 Bg7 3. Nf3 d6 4. Bd3 Nf6 5. O-O O-O 6. Re1 Nc6 7. d5 Nb4 8. Bf1
a5 9. h3 c6 10. c4 e6 11. Nc3 Re8 12. a3 Na6 13. Be3 exd5 14. exd5 cxd5 15. cxd5
Bd7 16. Nd4 Nc7 17. Qf3 a4 18. Rad1 Re5 19. Bf4 Rxe1 20. Rxe1 Ra5 21. Bxd6 Nfxd5
22. Nxd5 Nxd5 23. b4 Bxd4 24. bxa5 Bc6 25. Be5 Qxa5 26. Re4 Bxe5 27. Rxe5 Qd2
28. Qd3 Qa2 29. Re1 Qb2 30. g3 Nf6 31. Bg2 Bxg2 32. Kxg2 Qb6 33. Rb1 Qc6+ 34.
Qf3 Ne4 35. Kh2 Kg7 36. Rb4 f5 37. Qe3 h5 38. Qd4+ Kh7 39. Rc4 Ng5 40. Rxc6 Nf3+
41. Kg2 Nxd4 42. Rc4 1-0

[Event "ch-RUS Rapid 2016"]
[Site "Sochi RUS"]
[Date "2016.10.02"]
[Round "3.5"]
[White "Shaposhnikov, Evgeny"]
[Black "Riazantsev, Alexander"]
[Result "1/2-1/2"]
[WhiteTitle "GM"]
[BlackTitle "GM"]
[WhiteElo "2557"]
[BlackElo "2651"]
[WhiteFideId "4122232"]
[BlackFideId "4125029"]
[EventDate "2016.10.02"]

1. Nf3 d5 2. d4 Nf6 3. c4 e6 4. Nc3 c6 5. e3 Nbd7 6. Bd3 dxc4 7. Bxc4 b5 8. Be2
Bb7 9. O-O Be7 10. e4 b4 11. e5 bxc3 12. exf6 Bxf6 13. bxc3 c5 14. Be3 cxd4 15.
Nxd4 O-O 16. c4 Rc8 17. Rc1 a6 18. Nb3 Qc7 19. c5 Ne5 20. Qd6 Nc6 21. Qxc7 Rxc7
22. Rc4 Ne7 23. Ra4 Nd5 24. Bd2 Ra8 25. Rc1 Bc6 26. Ra5 Rca7 27. g3 h6 28. Rc2
g5 29. Ra3 Nc7 30. Na5 Nb5 31. Re3 Nd4 32. Rc1 Nxe2+ 33. Rxe2 Bd5 34. Bb4 Rc8
35. c6 Bd8 36. Rec2 Bb6 37. Nc4 Rxc6 38. Nxb6 Rxb6 39. Rc8+ Kh7 40. Bc5 Rab7 41.
Bxb6 Rxb6 42. a3 Rb3 43. R8c3 Rb2 44. R3c2 Rb3 45. Rc3 Rb2 46. R3c2 1/2-1/2

[Event "ch-RUS Rapid 2016"]
[Site "Sochi RUS"]
[Date "2016.10.02"]
[Round "3.6"]
[White "Khairullin, Ildar"]
[Black "Timofeev, Artyom"]
[Result "1/2-1/2"]
[WhiteTitle "GM"]
[BlackTitle "GM"]
[WhiteElo "2630"]
[BlackElo "2601"]
[WhiteFideId "4151348"]
[BlackFideId "4140419"]
[EventDate "2016.10.02"]

1. e4 c5 2. Nf3 Nc6 3. d4 cxd4 4. Nxd4 e6 5. Nc3 Qc7 6. Be3 a6 7. a3 Nf6 8. Be2
Be7 9. Qd2 b5 10. Nxc6 dxc6 11. f4 O-O 12. e5 Rd8 13. Qc1 Nd5 14. Nxd5 exd5 15.
c3 Bf5 16. O-O c5 17. Bf2 1/2-1/2

[Event "ch-RUS Rapid 2016"]
[Site "Sochi RUS"]
[Date "2016.10.02"]
[Round "3.7"]
[White "Yuffa, Daniil"]
[Black "Vitiugov, Nikita"]
[Result "1-0"]
[WhiteTitle "IM"]
[BlackTitle "GM"]
[WhiteElo "2534"]
[BlackElo "2721"]
[WhiteFideId "24131423"]
[BlackFideId "4152956"]
[EventDate "2016.10.02"]

1. d4 Nf6 2. c4 e6 3. g3 Bb4+ 4. Bd2 Be7 5. Bg2 d5 6. Nf3 O-O 7. O-O Nbd7 8. Qc2
c6 9. Rd1 b6 10. b3 Ba6 11. Bc3 Rc8 12. Nbd2 c5 13. Rac1 cxd4 14. Nxd4 Ba3 15.
Bb2 Bc5 16. Qb1 e5 17. Nf5 g6 18. Nh4 dxc4 19. Nxc4 Qe7 20. Bh3 Rcd8 21. Nf3 e4
22. Nd4 Bb7 23. e3 h5 24. Nb5 a6 25. Nbd6 Ba8 26. b4 Bxd6 27. Nxd6 Ng4 28. Bxg4
hxg4 29. Rc7 Qe6 30. Qc2 Nf6 31. Bxf6 Qxf6 32. Nc8 Rxd1+ 33. Qxd1 Rd8 34. Qxg4
Qf3 35. Qxf3 exf3 36. h4 Be4 37. g4 b5 38. Kh2 Rd2 39. Kg3 Rxa2 40. Nd6 Bd5 41.
Rc8+ Kh7 42. Ne8 Be6 43. Ra8 g5 44. hxg5 Kg6 45. Kf4 f6 46. gxf6 Rxf2 47. Rxa6
Bf7 48. Nd6 Be6 49. Ne4 1-0

[Event "ch-RUS Rapid 2016"]
[Site "Sochi RUS"]
[Date "2016.10.02"]
[Round "3.8"]
[White "Savchenko, Boris"]
[Black "Shcherbakov, Ruslan"]
[Result "1-0"]
[WhiteTitle "GM"]
[BlackTitle "GM"]
[WhiteElo "2613"]
[BlackElo "2516"]
[WhiteFideId "4147332"]
[BlackFideId "4102240"]
[EventDate "2016.10.02"]

1. e4 c5 2. Nf3 Nc6 3. d4 cxd4 4. Nxd4 g6 5. c4 Nf6 6. Nc3 d6 7. f3 Nxd4 8. Qxd4
Bg7 9. Be3 O-O 10. Qd2 Be6 11. Rc1 Qa5 12. b3 Nd7 13. Nd5 Qd8 14. Be2 a5 15. O-O
Bxd5 16. cxd5 Nc5 17. Bb5 Qb6 18. Qe2 f5 19. e5 Rac8 20. a3 Qd8 21. Bxc5 Rxc5
22. Rxc5 dxc5 23. f4 a4 24. bxa4 Kh8 25. Rd1 Qb6 26. Kh1 Qc7 27. g3 Rd8 28. Kg2
h6 29. h4 h5 30. Qc4 b6 31. Kf3 Kh7 32. Ke3 Bh6 33. Kd3 Bg7 34. Kc2 Qb8 35. Bc6
Qc7 36. Qb5 Rc8 37. d6 exd6 38. Rxd6 Rd8 39. Rxd8 Qxd8 40. Qd3 Qg8 41. Qd5 Qf8
42. Kb3 Qb8 43. Qd7 c4+ 44. Kxc4 Qf8 45. Qd6 Qf7+ 46. e6 Qf6 47. Kb5 Kh6 48.
Kxb6 Bf8 49. Qe5 Qd8+ 50. Kb7 Qe7+ 51. Bd7 Bg7 52. Qe3 Qd6 53. a5 Bd4 54. Qb3
Qc5 55. Qb6 Qd5+ 56. Bc6 Qd6 57. Qb3 Qe7+ 58. Bd7 Qc5 59. Qb4 Qa7+ 60. Kc6 Qa8+
61. Kb5 Qd5+ 62. Ka4 Bc5 63. Qc3 Bd4 64. Qc6 Qa2 65. e7 Bb2 66. e8=Q 1-0